00537nam a2200181Ia 450000500170000000800410001702000150005808200130007310000150008624500630010126000300016430000190019465000110021365000150022494200060023995200950024599900150034020240711071609.0240331s9999 xx 000 0 und d a0415905230 bTINa194 aChanter, T 0aEthics of eros :bIrigaray's rewriting of the philosophers aNew YorkbRoutledgec1995 axvii, 345 p ., aEthics aPhilosophy cL 001040708LaWERCLbWERCLcSSCd2024-03-31l0o 194 CHAp5177r2024-03-31w2024-03-31yL c1363d1363